Normal view
MARC view
- Koch E
Entry Personal Name
001 - CONTROL NUMBER
- control field: 204552
003 - CONTROL NUMBER IDENTIFIER
- control field: OSt
005 - DATE AND TIME OF LATEST TRANSACTION
- control field: 20230904091020.0
008 - FIXED-LENGTH DATA ELEMENTS
- fixed length control field: 230904|| aca||aabn | a|a d
040 ## - CATALOGING SOURCE
- Original cataloging agency: OSt
- Transcribing agency: OSt
100 ## - HEADING--PERSONAL NAME
- Personal name: Koch E
670 ## - SOURCE DATA FOUND
- Source citation: Work cat.: (OSt)356040: Koch E, Planetary King: Humayun Padshah Inventor And Visionary On The Mughal Throne, 2022